[Event "Titled Tuesday intern op 13th Aug Late"]
[Site "Chess.com INT"]
[Date "2024.08.13"]
[Round "2"]
[White "Ghazarian, Kirk Vagho"]
[Black "Kleibel, Uwe"]
[Result "1-0"]
[WhiteElo "2490"]
[BlackElo "2301"]
[PlyCount "151"]
[EventDate "2024.08.13"]
[EventType "swiss (blitz)"]
[EventRounds "11"]
[EventCountry "USA"]
[SourceTitle "EXT 2025"]
[Source "ChessBase"]
[SourceDate "2024.10.14"]
[SourceVersion "1"]
[SourceVersionDate "2024.10.14"]
[SourceQuality "1"]

1. d4 d5 2. Nf3 c6 3. Bf4 Qb6 4. Qc1 Bf5 5. e3 Nd7 6. c4 e6 7. Nbd2 Ngf6 8. Be2 h6 9. h3 Be7 10. 0-0 0-0 11. a3 a5 12. Ne5 Nxe5 13. Bxe5 Rfe8 14. Rd1 a4 15. Qc3 Ne4 16. Nxe4 Bxe4 17. Rac1 Bf8 18. Bd3 Bxd3 19. Rxd3 dxc4 20. Rd2 c5 21. dxc5 Qxc5 22. Bd4 Qc6 23. Qxc4 Qxc4 24. Rxc4 Rec8 25. Rdc2 Rxc4 26. Rxc4 f6 27. Rc7 e5 28. Bc3 b6 29. Kf1 Bc5 30. Ke2 h5 31. Kf3 Kh7 32. Rd7 Kg6 33. Ke4 Re8 34. Kd5 Rc8 35. Ra7 b5 36. Rb7 Bxa3 37. Rxb5 Rd8+ 38. Ke4 Bd6 39. Ra5 f5+ 40. Kf3 e4+ 41. Ke2 a3 42. bxa3 Rc8 43. Kd2 Bh2 44. Ra7 Bg1 45. Rxg7+ Kh6 46. Rf7 Bxf2 47. Bd4 Kg6 48. Rg7+ Kh6 49. Rf7 Kg6 50. Re7 Bh4 51. Rg7+ Kh6 52. g3 Bd8 53. Ra7 h4 54. gxh4 Bxh4 55. a4 Bg3 56. a5 Rb8 57. a6 Rc8 58. Rb7 Ra8 59. a7 f4 60. exf4 Bxf4+ 61. Ke2 Kh5 62. Rf7 Kg5 63. Re7 Kf5 64. Rf7+ Kg5 65. h4+ Kg4 66. h5 Bg5 67. Rb7 Bf4 68. Rg7+ Kxh5 69. Re7 e3 70. Kf3 Bg5 71. Rb7 e2 72. Kxe2 Bf4 73. Kf3 Bd6 74. Ke4 Kg4 75. Kd5 Bf4 76. Be5 1-0

[Event "La Palma Island op"]
[Site "Santa Cruz de La Palma"]
[Date "2024.08.07"]
[Round "8"]
[White "Ghazarian, Kirk Vagho"]
[Black "Bures, Jaroslav"]
[Result "1/2-1/2"]
[WhiteElo "2490"]
[BlackElo "2420"]
[PlyCount "50"]
[EventDate "2024.08.02"]
[EventType "swiss"]
[EventRounds "10"]
[EventCountry "ESP"]
[SourceTitle "CBM 221 Extra"]
[Source "ChessBase"]
[SourceDate "2024.09.30"]
[SourceVersion "1"]
[SourceVersionDate "2024.09.30"]
[SourceQuality "1"]

1. e4 c6 2. Nf3 d5 3. Nc3 Bg4 4. h3 Bxf3 5. Qxf3 Nf6 6. Be2 e6 7. 0-0 Bc5 8. Rd1 Bd4 9. Qf4 e5 10. Qg3 dxe4 11. Qxg7 Rg8 12. Qh6 Nbd7 13. d3 Rg6 14. Qh4 Bxc3 15. bxc3 Nd5 16. Qxh7 Nxc3 17. Re1 Nxe2+ 18. Rxe2 Qf6 19. Rxe4 0-0-0 20. Qh4 Qg7 21. Rg4 e4 22. Rb1 Rxg4 23. Qxg4 Qxg4 24. hxg4 exd3 25. cxd3 Ne5 1/2-1/2

[Event "La Palma Island op"]
[Site "Santa Cruz de La Palma"]
[Date "2024.08.02"]
[Round "1"]
[White "Alonso Perez, Alfredo"]
[Black "Ghazarian, Kirk Vagho"]
[Result "0-1"]
[WhiteElo "1904"]
[BlackElo "2490"]
[PlyCount "50"]
[EventDate "2024.08.02"]
[EventType "swiss"]
[EventRounds "10"]
[EventCountry "ESP"]
[SourceTitle "CBM 221 Extra"]
[Source "ChessBase"]
[SourceDate "2024.09.30"]
[SourceVersion "1"]
[SourceVersionDate "2024.09.30"]
[SourceQuality "1"]

1. d4 Nf6 2. Bf4 c5 3. e3 Qb6 4. Na3 d6 5. Nc4 Qc7 6. a4 cxd4 7. exd4 g6 8. Bd3 Bg7 9. c3 Be6 10. Qe2 Nbd7 11. a5 Rc8 12. Nd2 0-0 13. Ngf3 Bg4 14. 0-0 Nh5 15. Be3 e5 16. h3 Bxf3 17. Nxf3 a6 18. dxe5 dxe5 19. g3 Rfe8 20. Nd2 Nf4 21. Bxf4 exf4 22. Be4 fxg3 23. f3 f5 24. Bd5+ Kh8 25. Qg2 Qc5+ 0-1

[Event "Andorra op 40th"]
[Site "Escaldes"]
[Date "2024.07.28"]
[Round "9"]
[White "Shimanov, Aleksandr"]
[Black "Ghazarian, Kirk Vagho"]
[Result "1-0"]
[WhiteElo "2576"]
[BlackElo "2480"]
[PlyCount "135"]
[EventDate "2024.07.20"]
[EventType "swiss"]
[EventRounds "9"]
[EventCountry "AND"]
[SourceTitle "CBM 221 Extra"]
[Source "ChessBase"]
[SourceDate "2024.09.30"]
[SourceVersion "1"]
[SourceVersionDate "2024.09.30"]
[SourceQuality "1"]

1. d4 Nf6 2. Nf3 d5 3. c4 e6 4. Bg5 dxc4 5. e4 c5 6. Nc3 cxd4 7. Qxd4 Qxd4 8. Nxd4 a6 9. Bxc4 b5 10. Be2 Bb7 11. f3 Nbd7 12. Kf2 Bc5 13. Be3 Ke7 14. Nb3 Bxe3+ 15. Kxe3 Rab8 16. a3 Rhc8 17. Na2 Ne5 18. Rhc1 Nfd7 19. Rxc8 Rxc8 20. Na5 Rc7 21. Nb4 Nb8 22. f4 Ned7 23. Rd1 f6 24. h4 h6 25. h5 Ba8 26. g3 Rc5 27. Nb3 Rc8 28. Nd4 Nc5 29. Rc1 Bb7 30. Bg4 Nbd7 31. Bh3 Nb6 32. b3 Nbd7 33. Rc3 Nb6 34. Rc1 Nbd7 35. Rc3 Nb6 36. Ndc6+ Bxc6 37. Rxc5 Bb7 38. Nd3 Nd7 39. Rxc8 Bxc8 40. Kd4 Bb7 41. b4 Bc6 42. Bf1 Kd6 43. e5+ Kc7 44. Be2 Bd5 45. exf6 gxf6 46. Nc5 Nxc5 47. Kxc5 Be4 48. Bg4 Kd7 49. Bd1 Kc7 50. Be2 Bc2 51. Bf3 Bd3 52. g4 Bc2 53. Be2 Bh7 54. Bd1 Be4 55. g5 fxg5 56. fxg5 hxg5 57. Kd4 Bf5 58. Ke5 Kd7 59. h6 Ke7 60. Bg4 Bh7 61. Bxe6 Kf8 62. Kf6 Bd3 63. Kxg5 Bc2 64. Bf5 Ba4 65. Kf6 Kg8 66. Bg6 Bd1 67. Ke5 Kf8 68. Kd6 1-0

[Event "Andorra op 40th"]
[Site "Escaldes"]
[Date "2024.07.27"]
[Round "8"]
[White "Ghazarian, Kirk Vagho"]
[Black "Savitha Shri, B."]
[Result "1/2-1/2"]
[WhiteElo "2480"]
[BlackElo "2361"]
[PlyCount "117"]
[EventDate "2024.07.20"]
[EventType "swiss"]
[EventRounds "9"]
[EventCountry "AND"]
[SourceTitle "CBM 221 Extra"]
[Source "ChessBase"]
[SourceDate "2024.09.30"]
[SourceVersion "1"]
[SourceVersionDate "2024.09.30"]
[SourceQuality "1"]

1. c4 Nf6 2. Nf3 e6 3. g3 d5 4. Bg2 d4 5. 0-0 c5 6. e3 Nc6 7. exd4 cxd4 8. d3 Bd6 9. Na3 Bxa3 10. bxa3 0-0 11. Rb1 e5 12. Re1 Re8 13. Nd2 Qc7 14. a4 b6 15. c5 bxc5 16. Rb5 Bg4 17. Qc2 Nd7 18. Ba3 a6 19. Rbb1 Rac8 20. Rec1 Be6 21. Ne4 Bd5 22. Nxc5 Ne7 23. Bh3 Nxc5 24. Qxc5 Qxc5 25. Bxc5 Be6 26. Bxe6 fxe6 27. Bd6 Ng6 28. Rxc8 Rxc8 29. Rb8 Rxb8 30. Bxb8 Ne7 31. Bxe5 Nc6 32. Bd6 e5 33. Kg2 Kf7 34. Kf3 Ke6 35. Bf8 Kd5 36. Ke2 g6 37. f3 Nd8 38. Kd2 Ne6 39. Be7 Ng7 40. Kc2 Nf5 41. Bg5 h6 42. Bc1 h5 43. Bg5 Ng7 44. Kb3 Ne6 45. Be7 g5 46. h3 h4 47. gxh4 gxh4 48. Bxh4 Nf4 49. Kb4 Nxd3+ 50. Ka5 Nf4 51. Be1 Nxh3 52. Kxa6 Kc6 53. Ka5 Ng5 54. Kb4 Nxf3 55. Bf2 e4 56. Kc4 d3 57. Be3 d2 58. Bxd2 Nxd2+ 59. Kd4 1/2-1/2

[Event "Andorra op 40th"]
[Site "Escaldes"]
[Date "2024.07.25"]
[Round "6"]
[White "Romanov, Evgeny"]
[Black "Ghazarian, Kirk Vagho"]
[Result "1/2-1/2"]
[WhiteElo "2563"]
[BlackElo "2480"]
[PlyCount "50"]
[EventDate "2024.07.20"]
[EventType "swiss"]
[EventRounds "9"]
[EventCountry "AND"]
[SourceTitle "CBM 221 Extra"]
[Source "ChessBase"]
[SourceDate "2024.09.30"]
[SourceVersion "1"]
[SourceVersionDate "2024.09.30"]
[SourceQuality "1"]

1. c4 c5 2. Nf3 Nc6 3. Nc3 Nf6 4. g3 e6 5. Bg2 d5 6. cxd5 exd5 7. d4 cxd4 8. Nxd4 Bc5 9. Nb3 Bb6 10. 0-0 d4 11. Na4 0-0 12. Bg5 Re8 13. Nxb6 axb6 14. e3 d3 15. Bxf6 gxf6 16. a3 Be6 17. Rc1 Rc8 18. Nd2 Bd5 19. Qg4+ Kh8 20. Qf5 Re5 21. Qf4 Bxg2 22. Kxg2 Qd5+ 23. Kg1 Qe6 24. Rfd1 Rd8 25. Qh6 Rc5 1/2-1/2